| 000 | 02438nam2a22003851 4500 | ||
|---|---|---|---|
| 001 | rc\19505 | ||
| 005 | 20250620120943.0 | ||
| 010 |
_a5-85255-610-6 _945000 |
||
| 035 | _a(NLR Aleph) 005310280 | ||
| 090 |
_a6378775 _c6378775 |
||
| 100 | _a20021204d1994 |||y0rusy50 ca | ||
| 101 | 0 | _arus | |
| 102 | _aRU | ||
| 105 | _aa ||||||||| | ||
| 200 | 0 |
_aТ. 7 _f[Послесл. И. Панкеева] |
|
| 210 |
_d1994 _aБ. м. |
||
| 215 |
_a661, [3] с. _cил. |
||
| 320 | _aУказ. произведений, включ. в Собр. соч.: с. 663 | ||
| 327 | 0 | _aСодерж.: В тине адвокатуры: Роман; Повести: Судные дни Великого Новгорода; Власть женщины; Рассказы: Умирающий варнак; Братоубийца; Из-за корысти; На вскрытии; Сибирский "держиморда"; В ночь под Рождество; На елке у природы, и др. | |
| 461 | 0 |
_1001rc\19498 _12001#$aСобрание сочинений$eВ 7 т.$fН.Э. Гейнце$g[Сост. В. Поситко$gОформ. худож. В. Харламова]$vТ. 7 _1700#1$aГейнце$bН.Э.$gНиколай Эдуардович$f1852-1913 _96378708 _aГейнце, Н. Э. (1852-1913) _cМ. _d1994- _fН.Э. Гейнце _nИзд. центр "Терра" _oВ 7 т. _tСобрание сочинений _y5852554588 _vТ. 7 |
|
| 464 | 0 |
_12001#$aВ тине адвокатуры _tВ тине адвокатуры |
|
| 464 | 0 |
_12001#$aСудные дни Великого Новгорода _tСудные дни Великого Новгорода |
|
| 464 | 0 |
_12001#$aВласть женщины _tВласть женщины |
|
| 464 | 0 |
_12001#$aУмирающий варнак _tУмирающий варнак |
|
| 464 | 0 |
_12001#$aБратоубийца _tБратоубийца |
|
| 464 | 0 |
_12001#$aИз-за корысти _tИз-за корысти |
|
| 464 | 0 |
_12001#$aНа вскрытии _tНа вскрытии |
|
| 464 | 0 |
_12001#$aСибирский "держиморда" _tСибирский "держиморда" |
|
| 464 | 0 |
_12001#$aВ ночь под Рождество _tВ ночь под Рождество |
|
| 464 | 0 |
_12001#$aНа елке у природы _tНа елке у природы |
|
| 801 | 0 |
_aRU _bNLR _gpsbo |
|
| 801 | 1 |
_aRU _bELAR _2rusmarc |
|
| 852 |
_aNLR _j94-5/1560 |
||
| 942 | _cBOOK | ||
| 980 | _aNB | ||